000 00952nam a2200265Ia 4500
003 OSt
005 20221005111223.0
006 a|||||r|||| 00| 0
007 ta
008 221004b |||||||| |||| 00| 0 hin d
020 _a8181431421 (hbk)
_c700
024 _a17624
037 _b521, 21/03/2015, Vani Prakashan
_cTextual
040 _aCRL
_cCRL
_bhin
041 _2hin
_ahin
082 _aNW44, 152P4
100 _aब्रह्मात्मज, अजय, संपा.
_9160075
245 0 _aज़िद जीतने की
246 _aज़id jītane kī
260 _aनई दिल्ली
_bवाणी प्रकाशन भारत
_c2004
300 _a160पृ0
_ccm.
650 _aल्थ्ल्त् क्ल्ज्ञ
942 _hNW44, 152P4
_cTEXL
_2cc
999 _c1021187
_d1021187